000 01097nam a2200301 a 4500
005 20240507105426.0
008 100428t2013||||ag a f |||| 000 0 spa d
020 _a9789509647961
041 _aspa
092 _c616.97
_l11
_sCHI
100 1 _aChidekel, Aaron S.
_93770
245 _aConsultas sobre el asma en Pediatría.
_b49 preguntas clínicas /
_cAaron S. Chidekel.
250 _a1a ed.
_bTraducción Olga Burlak
260 _aBuenos Aires:
_bAnejo;
_c2013.
300 _a245 p.
_bil.
500 _aChidekel, A. S. y Zaoutis, L. B. (2013). Consultas sobre el asma en pediatría. 49 preguntas clínicas. (1a ed.). Buenos Aires : Anejo.
653 _aEpidiomiología del asma
653 _aFisiopatología del asma
653 _aTratamiento del asma
653 _aInfluencias ambientales
653 3 _aEl paciente externo con asma
653 _aEmergencia asmática y cuidado del paciente internado
653 _aEducación respecto del asma
653 _aPruebas para el asma
653 _aOtras claves del tratamiento
700 1 _aZaoutis, Lisa B.
_93771
942 _2ddc
_cBK
999 _c2191
_d2191